Country focus (Record no. 82944)

MARC details
000 -LEADER
fixed length control field 00772cab a22001935a 4500
001 - CONTROL NUMBER
control field L152349
008 - FIXED-LENGTH DATA ELEMENTS--GENERAL INFORMATION
fixed length control field 110224e20111112xxk 000 0 eng d
035 ## - SYSTEM CONTROL NUMBER
System control number (Sirsi) u152349
041 0# - LANGUAGE CODE
Language code of text/sound track or separate title eng
100 1# - MAIN ENTRY--PERSONAL NAME
Personal name Klammer, Marcin
245 00 - TITLE STATEMENT
Title Country focus
Remainder of title Poland
260 ## - PUBLICATION, DISTRIBUTION, ETC.
Date of publication, distribution, etc. 2011
490 ## - SERIES STATEMENT
Series statement Building
Volume/sequential designation 276 (8660) 7 January 2011, 54-56(3)
520 ## - SUMMARY, ETC.
Summary, etc. Snapshot look at Poland comprises an overview of the economy, the property sector, international investment, construction workload, the Polish banking market, labour and materials, construction tender prices, and a table of the economy 2009, 2010 and 2011, and first quarter costs £m2 for 2010.
651 #4 - SUBJECT ADDED ENTRY--GEOGRAPHIC NAME
Geographic name Poland
690 ## - LOCAL SUBJECT ADDED ENTRY--TOPICAL TERM (OCLC, RLIN)
Topical term or geographic name as entry element BUILT ENVIRONMENT-CONSTRUCTION MARKET
710 ## - ADDED ENTRY--CORPORATE NAME
Corporate name or jurisdiction name as entry element EC Harris
9 (RLIN) 4930
942 ## - ADDED ENTRY ELEMENTS (KOHA)
Suppress in OPAC 0
Holdings
Withdrawn status Lost status Source of classification or shelving scheme Damaged status Not for loan Home library Current library Shelving location Date acquired Total Checkouts Full call number Barcode Date last seen Copy number Price effective from Koha item type
    Dewey Decimal Classification     London London Journal article 24/02/2011   L152349 152349-1001 06/08/2019 1 06/08/2019 Journal article